000 01140nam a2200313 i 4500
001 000001852
003 DO-SdBNP
005 20240610142429.0
007 ta
008 090629s1960 xxu r 000 0 spa d
040 _aDO-SdBNP
_bspa
_cBNPHU
_erda
041 1 7 _aspa
_beng
082 _a225
_bB582n
_222
130 1 _aBiblia.
_pN.T.
_lEspañol
_sCipriano de Valera
_f1960
_96025
245 0 3 _aEl Nuevo Testamento de nuestro Señor Jesucristo =
_bThe New Testament of our Lord and Saviour Jesus Christ .
246 3 1 _aThe New Testament of our Lord and Saviour Jesus Christ
260 _aNashville, Tenn. :
_aPhiladelphia, Penn. :
_bThe Gideons International :
_bNational Pub. ,
_c1960.
300 _a468 páginas ;
_c23 cm.
336 _2rdacontent
_atexto
_btxt
337 _2rdamedia
_asin mediación
_bn
338 _2rdacarrier
_avolumen
_bnc
500 _aTexto en español e inglés
590 _aInventariado, 2018/BT
650 4 _aBiblia.-n.t.
_92106
700 1 _aReina, Casiodoro de,
_dca.1520-1594
_96026
700 1 _aValera, Cipriano de,
_d1532-1625
_96027
910 _aValidado. Control de calidad. MMOLINA
942 _2ddc
_cLBS1
999 _c1729
_d1729